00532nam a2200121Ia 4500008004100000082001800041130009000059260006900149300001000218650007300228952009200301999001700393120622s9999 xx 000 0 und d a371.425 H274q aQué haré los próximos 30 años de mi vida? : opciones de educación superior. aMéxico : UNAM, Dirección General de Orientación Vocacional a388 p a1. ORIENTACION PROFESIONAL. 2. PROFESIONES. 3. EDUCACION SUPERIORÌ 00104070a01b01d2007-01-25l0o371.425 H274Qp01 004205r2012-06-24w2012-06-24yLB c60204d60204